Propos de peintre : (Record no. 33614)

MARC details
000 -LEADER
campo de control de longitud fija 00950nam a2200241 i 4500
001 - NÚMERO DE CONTROL
campo de control 33614
003 - IDENTIFICADOR DE NÚMERO DE CONTROL
campo de control ES-MaACL
005 - FECHA Y HORA DE LA ÚLTIMA TRANSACCIÓN
campo de control 20260323115406.0
007 - CAMPO FIJO DE DESCRIPCIÓN FÍSICA--INFORMACIÓN GENERAL
campo de control de longitud fija t|
008 - DATOS DE LONGITUD FIJA--INFORMACIÓN GENERAL
campo de control de longitud fija 030202s1919 fr |||| | fre d
100 1# - ENTRADA PRINCIPAL--NOMBRE DE PERSONA
Nombre de persona Blanche, Jacques-Emile.
9 (RLIN) 29149
245 10 - MENCIÓN DEL TÍTULO
Título Propos de peintre :
Resto del título de David a Degas /
Mención de responsabilidad, etc. Jacques-Emile, Blanche ; préface par Marcel Proust.
260 ## - PUBLICACIÓN, DISTRIBUCIÓN, ETC.
Lugar de publicación, distribución, etc. Paris :
Nombre del editor, distribuidor, etc. Émile-Paul Frères,
Fecha de publicación, distribución, etc. 1919 (
Fabricante Imp. Chaix)
300 ## - DESCRIPCIÓN FÍSICA
Extensión 1 v. (XXXV, 308 p.) ;
Dimensiones 19 cm.
505 8# - NOTA DE CONTENIDO CON FORMATO
Nota de contenido con formato Contiene: 1re série. Ingres, David, Manet, Degas, Renoir, Cézanne, Whistler, Fantin-Latour, Ricard, Conder, Beardsley, etc.
530 ## - NOTA DISPONIBLE DE FORMULARIO FÍSICO ADICIONAL
Nota de formato físico adicional disponible Disponible en formato digital.
650 #4 - PUNTO DE ACCESO ADICIONAL DE MATERIA--TÉRMINO DE MATERIA
Término de materia o nombre geográfico como elemento de entrada Pintores-
Subdivisión cronológica S.XIX.
9 (RLIN) 143842
700 1# - ENTRADA AGREGADA--NOMBRE PERSONAL
Nombre de persona Proust, Marcel,
Fechas asociadas al nombre 1871-1922
9 (RLIN) 94056
852 4# - LOCALIZACIÓN
Ubicación ES-MaACL
Número de control de estantería F-13405
Ubicación en estantería Sala Pecera Planta 2
856 ## - LOCALIZACIÓN Y ACCESO ELECTRÓNICOS
Identificador Uniforme de Recursos <a href="https://catalogo.bne.es/permalink/34BNE_INST/95vni4/alma991027787539708606">https://catalogo.bne.es/permalink/34BNE_INST/95vni4/alma991027787539708606</a>
Texto de enlace En linea
942 ## - ELEMENTOS DE ENTRADA SECUNDARIOS (KOHA)
Fuente del sistema de clasificación o colocación Clasificación decimal universal
Holdings
Estatus retirado Estado de pérdida Estado de daño No para préstamo Colección Biblioteca de origen Biblioteca actual Ubicación en estantería Fecha de adquisición Fuente de adquisición Total de préstamos Signatura topográfica completa Código de barras Visto por última vez Precio de reemplazo Tipo de ítem Koha
        Colección digital Biblioteca del Ateneo de Madrid Biblioteca del Ateneo de Madrid Sala Pecera Planta 2 17/01/2008     F-13405 1034977 23/02/2023 23/02/2023 Libro impreso